000 00610nam a2200217Ia 4500
003 OSt
005 20240905153503.0
008 220927b |||||||| |||| 00| 0 eng d
020 _a9780470849743
037 _cTextual
040 _aSDCL
_cSDCL
_beng
041 _2eng
_aeng
082 _aG:6k P5.6
100 _aDunn, Michael J. Ed.
_9722682
245 0 _aEncyclopedia of genetics, genomics, proteomics and bioinformatics.
260 _aChichester :
_bWiley,
_c2005.
300 _axiv, 2203-2744p.
490 _vVolume 6
942 _hG:6k P5.6
_cREF
_2CC
999 _c796274
_d796274